Pokemon Go Items - Statistiken

Allgemein
  • Dieses Quiz wurde 120 mal gespielt
  • Das Durchschnittsergebnis liegt bei 20 aus 36
Antwortstatistiken
Hint Antwort % Korrekt
Pokebälle Superball
98%
Pokebälle Pokeball
97%
Pokebälle Hyperball
96%
Medizin Trank
92%
Medizin Beleber
90%
Medizin Hypertrank
90%
Medizin Supertrank
90%
Medizin Top-Beleber
82%
Medizin Top-Trank
78%
Beeren Sananabeere
76%
Beeren Himmihbeere
71%
Lockmodule Lockmodul
68%
Beeren Nanabbeere
67%
Geschenke Geschenk
66%
Trainer-Boosts Rauch
66%
Beeren Silberne Sananabeere
63%
Trainer-Boosts Glücks-Ei
61%
Beeren Goldene Himmihbeere
61%
Pässe Fernraid Pass
57%
TMS Lade-TM
57%
TMS Sofort-TM
56%
Lockmodule Moos
51%
Lockmodule Magnet
45%
Lockmodule Gletscher
44%
Lockmodule Regen
44%
Geschenke Sticker
44%
Trainer-Boosts Sternenstück
41%
Pässe Premium Kampf Pass
35%
TMS Top-Lade-TM
34%
Andere Items Sonderbonbon
31%
Andere Items Knursps
20%
Trainer-Boosts Täglicher Rauch
15%
Trainer-Boosts Wunderbox
13%
Pässe Täglicher Kampf pass
4%
Andere Items Brutmaschiene
3%
Andere Items Superbrutmaschiene
3%
Keine übereinstimmenden Quizze gefunden
Verteilung der Resultate
Anzahl Personen mit jedem Resultat
Perzentil nach korrekt beantworteten Fragen
Ihre Resultats-Entwicklung
Sie haben dieses Quiz noch nicht gespielt